| 000 | 01569cam a2200241 4500 | ||
|---|---|---|---|
| 001 | ABS66692 | ||
| 008 | 030529n2003 000 0 eng u | ||
| 035 | _a(Sirsi) u122467 | ||
| 100 | _aCottam, G. | ||
| 245 | _aHeed the words of warning | ||
| 260 | _c2003 | ||
| 490 |
_aConstruction News _v(6811) 10 April 2003, 47(1) |
||
| 520 | _aIn "Sahib Foods Ltd and another v Paskin Kyriakides Sands" ([2003] EWHC 142 (TCC), X121974) claimant (S) had employed the defendant (P) to design the refurbishment of its food processing factory in 1995. When it was mostly destroyed by fire in 1998, S sued P for its losses. P had not followed advice to install non-combustible wall panels in a vulnerable room and S's staff had been negligent in allowing a fire to start. Judge found P liable for the damages caused by the fire once it damaged the rest of the factory, having not been contained in the original room. Advises that once a danger has been highlighted it should be acted on or the decision may cause future problems. View judgment at www.courtservice.gov.uk | ||
| 590 | _aABS | ||
| 650 | _aSAHIB FOODS LTD AND ANOTHER V PASKIN KYRIAKIDES SANDS | ||
| 650 | _aWALL CLADDING | ||
| 650 | _aFACTORY BUILDINGS | ||
| 650 | _aFIRE CONTROL | ||
| 650 | _aNEGLIGENCE | ||
| 690 | _aMANGEMENT-DISPUTE AVOIDANCE, MANAGEMENT AND RESOLUTION-DISPUTE MANAGEMENT AND RESOLUTION | ||
| 856 |
_uhttps://www.bailii.org/cgi-bin/markup.cgi?doc=/ew/cases/EWHC/TCC/2003/142.html&query=sahib+and+foods&method=boolean _zView the judgment free of charge at www.bailii.org |
||
| 942 | _n0 | ||
| 999 |
_c72791 _d72791 |
||